000 00640nam a2200205 4500
001 117510
003 ES-MaACL
005 20230906190923.0
007 t|
008 070214s1977 sp r ||||1| spa d
100 1 _aPanofsky, Erwin.
_988811
245 1 0 _aIdea
_b: contribución a la historia de la teoría del arte /
_cErwin Panofsky ; traducción de María Teresa Pumarega.
260 _aMadrid :
_bCátedra,
_c1977.
300 _a136 p. :
_bil. ;
_c21 cm.
490 1 _aEnsayos arte
700 1 _aPumarega, María Teresa.
_994396
830 0 _aEnsayos arte
_9178883
852 _aES-MaACL
_jA-6914
_bR.96099
999 _c117510
_d117510